01393cam a2200301 i 450000100090000000300040000900500170001300800410003001000170007102000380008803500130012604000280013904200080016705000200017508200120019510000290020724500880023625000220032426400840034630000230043033600260045333700280047933800270050750400410053450503170057565000400089277601590093219552478OSt20260316123116.0170315s2017 ilu b 000 0 eng  a 2017010363 a9780830845057qprint : alk. paper a19552478 aDLCbengcDLCerdadDLC apcc00aBT77b.S56 201700a2302231 aSire, James W.,eauthor.10aBeginning with God :ba basic introduction to the Christian faith /cJames W. Sire. aExpanded edition. 1aDowners Grove, Illinois :bIVP Books, an imprint of InterVarsity Press,c[2017] a189 pages ;c18 cm atextbtxt2rdacontent aunmediatedbn2rdamedia avolumebnc2rdacarrier aIncludes bibliographical references.0 aWhat's in a name? -- Beginning with God -- A name for God -- The God who is -- Man and woman: the image of God -- The bad news about human beings -- Sin from the inside out -- God in search of his people -- God's finished work -- New life in Christ -- A new lifestyle -- Jesus the Christ -- God's forever family. 0aTheology, DoctrinalvPopular works.08iOnline version:aSire, James W., author.tBeginning with GodbExpanded Edition.dDowners Grove : InterVarsity Press, 2017z9780830890965w(DLC) 2017016608